| 000 | 00749 a2200205 4500 | ||
|---|---|---|---|
| 003 | Nust | ||
| 005 | 20220811102708.0 | ||
| 010 | _a 92038052 | ||
| 020 | _a0849377668 (pbk.) | ||
| 040 | _cNust | ||
| 082 | 0 | 0 | _a005.1,SOF |
| 100 |
_aJohn A. McDermid. _995735 |
||
| 245 | 0 | 0 |
_aSoftware engineer's reference book / _cedited by John A. McDermid. |
| 260 |
_aBoca Raton : _bCRC Press, _c1993. |
||
| 300 |
_a1 v. (various pagings) : _bill. ; _c25 cm. |
||
| 505 | _gPart I: Theory and Mathematics (Page-1), Part II: Methods, Techniques and Technology (Page-15), Part III: Principles of Applications (Page-51). | ||
| 650 | 0 |
_aSoftware engineering _xHandbooks, manuals, etc. _995736 |
|
| 700 | 1 |
_aMcDermid, John. _995737 |
|
| 942 |
_cREF _2ddc _k005.1,SOF |
||
| 999 |
_c175186 _d175186 |
||